000
00237nam a22000857a 4500
999
_c
11564
_d
11564
008
190618b ||||| |||| 00| 0 eng d
100
_a
Sharma .v.d.etal
_9
7271
245
_a
Introducing to physical education
260
_a
New Delhi
_b
APC
_c
2018